| 000 -LEADER |
| fixed length control field |
00788nam a2200229Ia 4500 |
| 001 - CONTROL NUMBER |
| control field |
18688 |
| 003 - CONTROL NUMBER IDENTIFIER |
| control field |
GE_BSU |
| 008 - FIXED-LENGTH DATA ELEMENTS--GENERAL INFORMATION |
| fixed length control field |
181216s||||||||xx |||||||||||||| ||und|| |
| 040 ## - CATALOGING SOURCE |
| Transcribing agency |
GE_BSU |
| 080 ## - UNIVERSAL DECIMAL CLASSIFICATION NUMBER |
| Universal Decimal Classification number |
621.3 |
| 245 ## - TITLE STATEMENT |
| Title |
Сборник задач по электротехнике и основам электроники |
| 245 ## - TITLE STATEMENT |
| Remainder of title |
Учебное пособие для вузов |
| 245 ## - TITLE STATEMENT |
| Statement of responsibility, etc. |
Под ред. В.Г. Герасимова |
| 260 ## - PUBLICATION, DISTRIBUTION, ETC. |
| Place of publication, distribution, etc. |
Москва |
| 260 ## - PUBLICATION, DISTRIBUTION, ETC. |
| Name of publisher, distributor, etc. |
Высшая школа |
| 260 ## - PUBLICATION, DISTRIBUTION, ETC. |
| Date of publication, distribution, etc. |
1987 |
| 300 ## - PHYSICAL DESCRIPTION |
| Extent |
288стр. 20см. |
| 300 ## - PHYSICAL DESCRIPTION |
| Dimensions |
Библ. стр. 287 |
| 653 ## - INDEX TERM--UNCONTROLLED |
| Uncontrolled term |
Сборник задач по электротехнике и основам электроники |
| 653 ## - INDEX TERM--UNCONTROLLED |
| Uncontrolled term |
ელექტროტექნიკა |
| 942 ## - ADDED ENTRY ELEMENTS (KOHA) |
| Koha item type |
წიგნი |